Top 10 Countries with the Tallest People - Statistics

General Stats
  • This quiz has been taken 678 times
  • The average score is 8 of 12
Answer Stats
Country % Correct
Netherlands
87%
Sweden
85%
Denmark
76%
Serbia
61%
Croatia
60%
Bosnia and Herzegovina
59%
Iceland
59%
Slovenia
58%
Latvia
56%
Lithuania
56%
Montenegro
53%
Czechia
51%
No matching quizzes found
Score Distribution
Percent of People with Each Score
Percentile by Number Answered
Your Score History
You have not taken this quiz